[Event "23ème Open International de St Affrique"]
[Site "Saint Affrique"]
[Date "2015.07.18"]
[Round "1.1"]
[White "Degraeve, Jean-Marc"]
[Black "Vidal, Frederic"]
[Result "1-0"]
[WhiteElo "2553"]
[BlackElo "1735"]
[PlyCount "47"]
[EventDate "2015.??.??"]

1. e4 {[%emt 0:00:00]} d5 2. exd5 Nf6 3. Bb5+ Bd7 4. Be2 Nxd5 5. d4 c5 6. dxc5
Qa5+ 7. Bd2 Qxc5 8. Nf3 Nc6 9. O-O e6 10. a3 Qb6 11. c4 Qxb2 12. cxd5 Qxa1 13.
dxc6 Bxc6 14. Bc3 Qa2 15. Ne5 Rd8 16. Nd2 Qxa3 17. Nxc6 bxc6 18. Qc2 Qc5 19.
Bf3 Rd5 20. Bxd5 exd5 21. Nb3 Qd6 22. Re1+ Kd8 23. Qf5 Qd7 24. Ba5+ 1-0

[Event "23ème Open International de St Affrique"]
[Site "Saint Affrique"]
[Date "2015.07.18"]
[Round "1.2"]
[White "Bassal, Samuel"]
[Black "Libiszewski, Fabien"]
[Result "0-1"]
[WhiteElo "1724"]
[BlackElo "2543"]
[PlyCount "56"]
[EventDate "2015.??.??"]

1. d4 {[%emt 0:00:00]} d6 2. c4 g6 3. Nc3 Bg7 4. Nf3 Nf6 5. e4 O-O 6. Be2 Nbd7
7. O-O e5 8. d5 Nc5 9. Qc2 a5 10. b3 Nh5 11. Ne1 Nf4 12. Nd3 Nxe2+ 13. Qxe2 f5
14. f3 Nxd3 15. Qxd3 f4 16. a3 g5 17. Bd2 g4 18. b4 Rf6 19. c5 gxf3 20. Qxf3
Bd7 21. Rac1 axb4 22. axb4 Rg6 23. Kh1 Bf8 24. Nd1 Bb5 25. Rg1 Kh8 26. Nb2 Ra2
27. Qb3 Qh4 28. Ra1 Rxb2 0-1

[Event "23ème Open International de St Affrique"]
[Site "Saint Affrique"]
[Date "2015.07.18"]
[Round "1.3"]
[White "Karpatchev, Aleksandr"]
[Black "Perrin, Alexis"]
[Result "1-0"]
[WhiteElo "2473"]
[BlackElo "1723"]
[PlyCount "41"]
[EventDate "2015.??.??"]

1. e4 {[%emt 0:00:00]} e5 2. Nf3 Nc6 3. d4 exd4 4. Nxd4 Bc5 5. Nb3 Bb6 6. Nc3
d6 7. Qe2 Nf6 8. Bg5 h6 9. Bh4 g5 10. Bg3 Qe7 11. h4 g4 12. h5 Bd7 13. O-O-O
Nh7 14. Nd5 Qe6 15. f4 gxf3 16. gxf3 Ng5 17. f4 Nxe4 18. Qxe4 Qxe4 19. Nf6+ Ke7
20. Nxe4 Bf5 21. Re1 1-0

[Event "23ème Open International de St Affrique"]
[Site "Saint Affrique"]
[Date "2015.07.18"]
[Round "1.4"]
[White "Anthoine-Milhomme, Jean-Pierre"]
[Black "Flear, Glenn C"]
[Result "0-1"]
[WhiteElo "1713"]
[BlackElo "2450"]
[PlyCount "72"]
[EventDate "2015.??.??"]

1. e4 e5 2. Nf3 Nc6 3. Bb5 a6 4. Bxc6 dxc6 5. O-O Bd6 6. h3 Ne7 7. d4 exd4 8.
Qxd4 O-O 9. Nc3 f6 10. Ne2 Ng6 11. Be3 Qe7 12. Ng3 Re8 13. Rad1 Qf7 14. b3 Be6
15. Rfe1 c5 16. Qc3 b6 17. Bc1 a5 18. Nf5 Bf8 19. Ne3 c4 20. Bd2 cxb3 21. cxb3
Rad8 22. Qc2 Nf4 23. Nc4 Nd3 24. Re3 Nc5 25. e5 a4 26. exf6 axb3 27. axb3 gxf6
28. Nh4 Bxc4 29. Rg3+ Kh8 30. bxc4 Re4 31. Nf5 Rxc4 32. Qb1 Ne4 33. Rd3 Re8 34.
Be3 Nc3 35. Rd7 Qxd7 36. Rxd7 Nxb1 0-1

[Event "23ème Open International de St Affrique"]
[Site "Saint Affrique"]
[Date "2015.07.18"]
[Round "1.5"]
[White "Grishchenko, Sergey"]
[Black "Jackson, Edgar"]
[Result "1-0"]
[WhiteElo "2430"]
[BlackElo "1712"]
[PlyCount "35"]
[EventDate "2015.??.??"]

1. d4 {[%emt 0:00:00]} Nf6 2. c4 e6 3. Nf3 b6 4. a3 Be7 5. Nc3 d5 6. cxd5 Nxd5
7. e4 Nxc3 8. bxc3 O-O 9. Bd3 Bb7 10. O-O c5 11. Qe2 Bf6 12. Rd1 Qc7 13. e5 Be7
14. Ng5 g6 15. Qg4 h6 16. Nxe6 Qc6 17. Bxg6 Qxe6 18. Bf5+ 1-0

[Event "23ème Open International de St Affrique"]
[Site "?"]
[Date "2015.07.18"]
[Round "1.17"]
[White "Mania, Clement"]
[Black "Denechaud, Bernard"]
[Result "1-0"]
[WhiteElo "2205"]
[BlackElo "1628"]
[PlyCount "43"]
[EventDate "2015.07.18"]
[SourceDate "2015.07.18"]

1. e4 e6 2. d4 d5 3. Nc3 Nf6 4. e5 Nfd7 5. Qg4 c5 6. Nf3 Nc6 7. dxc5 Nxc5 8.
Be3 Nd7 9. O-O-O Ndxe5 10. Nxe5 Nxe5 11. Qg3 Nc6 12. Nb5 e5 13. Rxd5 Qe7 14.
Bc5 Qxc5 15. Nc7+ Ke7 16. Rxc5 Rb8 17. Rxe5+ Nxe5 18. Qxe5+ Kd7 19. Bb5+ Kd8
20. Rd1+ Bd7 21. Rxd7+ Kc8 22. Qe8# 1-0

[Event "23ème Open International de St Affrique"]
[Site "Saint Affrique"]
[Date "2015.07.19"]
[Round "2.1"]
[White "Bressy, Theo"]
[Black "Degraeve, Jean-Marc"]
[Result "1/2-1/2"]
[WhiteElo "2032"]
[BlackElo "2553"]
[PlyCount "121"]
[EventDate "2015.??.??"]

1. e4 {[%emt 0:00:00]} Nf6 2. e5 Nd5 3. d4 d6 4. Nf3 dxe5 5. Nxe5 c6 6. Be2 Bf5
7. O-O Nd7 8. Nf3 e6 9. c4 N5f6 10. Nc3 Bd6 11. Nh4 O-O 12. Nxf5 exf5 13. Qc2
g6 14. c5 Bc7 15. Bg5 Qb8 16. g3 Kg7 17. Qd2 Re8 18. b4 h5 19. Rab1 Qc8 20. Bf3
Ne4 21. Bxe4 fxe4 22. Rfe1 f5 23. Rbd1 Kh7 24. Re2 Rf8 25. Rde1 b6 26. f3 bxc5
27. bxc5 Rf7 28. fxe4 Nf8 29. d5 Ba5 30. Qd4 Rb8 31. Rf1 Rb4 32. Qe5 Rc4 33.
exf5 gxf5 34. Ne4 Bb4 35. Qd6 Kg8 36. Nf6+ Kh8 37. Be3 cxd5 38. Qxd5 Qe6 39.
Qxf5 Qxf5 40. Rxf5 h4 41. Rh5+ Nh7 42. Nxh7 Rxh7 43. Bd4+ Kg8 44. Re8+ Kf7 45.
Rxh7+ Kxe8 46. Be3 hxg3 47. hxg3 a5 48. Rh2 Kf7 49. Rb2 a4 50. c6 Bd6 51. Bf4
Rxc6 52. Bxd6 Rxd6 53. Rf2+ Kg6 54. Rf4 a3 55. Rf3 Rd1+ 56. Kg2 Rd2+ 57. Rf2
Rb2 58. Kf3 Kg5 59. Ke3 Kg4 60. Rd2 Kxg3 61. Kd3 1/2-1/2

[Event "23ème Open International de St Affrique"]
[Site "Saint Affrique"]
[Date "2015.07.19"]
[Round "2.4"]
[White "Flear, Glenn C"]
[Black "Baroyan, Davit"]
[Result "1-0"]
[WhiteElo "2450"]
[BlackElo "1978"]
[PlyCount "41"]
[EventDate "2015.??.??"]

1. d4 {[%emt 0:00:00]} d5 2. c4 dxc4 3. Nf3 Nf6 4. e3 e6 5. Bxc4 c5 6. O-O Nc6
7. Qe2 a6 8. dxc5 Bxc5 9. e4 b5 10. Bb3 Qb6 11. e5 Nd5 12. Qe4 Nce7 13. Nbd2
Bb7 14. Qg4 Nf5 15. Ne4 Be7 16. Bg5 h5 17. Qh3 Bxg5 18. Nfxg5 Nf4 19. Qf3 Ng6
20. Nxf7 Kxf7 21. Qxf5+ 1-0

[Event "23ème Open International de St Affrique"]
[Site "Saint Affrique"]
[Date "2015.07.19"]
[Round "2.8"]
[White "Vedmediuc, Serghei"]
[Black "Grosse, Ludovic"]
[Result "1-0"]
[WhiteElo "2400"]
[BlackElo "1934"]
[PlyCount "43"]
[EventDate "2015.??.??"]

1. e4 {[%emt 0:00:00]} c5 2. Nf3 d6 3. Bb5+ Bd7 4. Bxd7+ Nxd7 5. O-O g6 6. c3
Ngf6 7. Re1 Bg7 8. d4 e6 9. Bf4 cxd4 10. Bxd6 Qb6 11. Qxd4 Qxb2 12. Nbd2 Qb6
13. Rab1 Qxd4 14. cxd4 Nb6 15. a4 Nxa4 16. Rxb7 Nd7 17. Rc1 Nab6 18. Rcc7 a5
19. Bc5 Nxc5 20. Re7+ Kd8 21. dxc5 Na4 22. Ng5 1-0

[Event "23ème Open International de St Affrique"]
[Site "Saint Affrique"]
[Date "2015.07.19"]
[Round "2.14"]
[White "N'Guyen, Emilien"]
[Black "Caron, Jean-Marie"]
[Result "1-0"]
[WhiteElo "2263"]
[BlackElo "1814"]
[PlyCount "47"]
[EventDate "2015.??.??"]

1. d4 {[%emt 0:00:00]} Nf6 2. c4 e6 3. g3 Be7 4. Bg2 d6 {[%emt 0:10:30]} 5. Nc3
O-O 6. Nf3 Nbd7 7. O-O e5 8. Qc2 Re8 9. Rd1 Bf8 10. dxe5 Nxe5 11. Nxe5 Rxe5 12.
Bf4 Re8 13. c5 Nh5 14. Be3 Rb8 15. cxd6 Bxd6 16. Bxa7 Ra8 17. Bc5 Qe7 18. Bxd6
cxd6 19. Nd5 Qxe2 20. Rd2 Qe1+ 21. Rxe1 Rxe1+ 22. Bf1 Bh3 23. Ne3 Re8 24. Rd1
1-0

[Event "23ème Open International de St Affrique"]
[Site "?"]
[Date "2015.07.19"]
[Round "2.17"]
[White "Claisse, Patrick"]
[Black "Mania, Clement"]
[Result "0-1"]
[WhiteElo "1819"]
[BlackElo "2205"]
[PlyCount "38"]
[EventDate "2015.07.19"]
[SourceDate "2015.07.19"]

1. e4 e5 2. Nf3 d5 3. d4 dxe4 4. Nxe5 Bd6 5. f4 Be6 6. Be3 Ne7 7. g3 Nf5 8. Qd2
O-O 9. Qf2 Nd7 10. Nxd7 Qxd7 11. Nd2 Qc6 12. c3 Ba3 13. Bg2 Bxb2 14. Nxe4 Bxc3+
15. Nd2 Bd5 16. Bxd5 Qxd5 17. O-O-O Qxa2 18. Nb1 Qc4 19. Qf1 Qb3 0-1

[Event "23ème Open International de St Affrique"]
[Site "Saint Affrique"]
[Date "2015.07.20"]
[Round "3.4"]
[White "Grishchenko, Sergey"]
[Black "Daurelle, Herve"]
[Result "1-0"]
[WhiteElo "2430"]
[BlackElo "2167"]
[PlyCount "61"]
[EventDate "2015.??.??"]

1. d4 {[%emt 0:00:00]} Nf6 2. c4 e6 3. Nc3 Bb4 4. e3 O-O 5. Nge2 d5 6. a3 Bd6
7. c5 Be7 8. b4 b6 9. Nf4 c6 10. Nd3 Nbd7 11. Bb2 a5 12. Be2 Ba6 13. Qc2 Bxd3
14. Bxd3 axb4 15. axb4 Rxa1+ 16. Bxa1 bxc5 17. bxc5 e5 18. O-O e4 19. Be2 Ne8
20. Qa4 Nb8 21. Rb1 f5 22. Qa7 Nf6 23. Rb7 Nfd7 24. Bb2 Qe8 25. Na4 Bf6 26. g3
h5 27. Ba3 h4 28. Nb6 Rf7 29. Bh5 hxg3 30. hxg3 f4 31. Rxb8 1-0

[Event "23ème Open International de St Affrique"]
[Site "Saint Affrique"]
[Date "2015.07.20"]
[Round "3.6"]
[White "Smith, Matthieu"]
[Black "Vedmediuc, Serghei"]
[Result "0-1"]
[WhiteElo "2116"]
[BlackElo "2400"]
[PlyCount "64"]
[EventDate "2015.??.??"]

1. d4 {[%emt 0:00:00]} g6 2. c4 Bg7 3. Nf3 d6 4. g3 Nf6 5. Bg2 O-O 6. O-O Nbd7
7. Nc3 e5 8. e4 exd4 9. Nxd4 Re8 10. Re1 a6 11. h3 Rb8 12. f4 c5 13. Nc2 Qc7
14. Qd3 b5 15. Ne3 b4 16. Ncd5 Qd8 17. g4 Bb7 18. Rb1 Qa5 19. a3 Bxd5 20. Nxd5
Nxd5 21. cxd5 c4 22. Qc2 bxa3 23. Bd2 Qc5+ 24. Kh1 a2 25. Ra1 Rxb2 26. Qa4 Rxd2
27. Qxd7 Qc8 28. Qxc8 Rxc8 29. e5 dxe5 30. fxe5 Re8 31. d6 Rxe5 32. Rxe5 Bxe5
0-1

[Event "23ème Open International de St Affrique"]
[Site "Saint Affrique"]
[Date "2015.07.20"]
[Round "3.10"]
[White "Iglesias, Joachim"]
[Black "Billiar-Bourgy, Vincent"]
[Result "1-0"]
[WhiteElo "2267"]
[BlackElo "2113"]
[PlyCount "45"]
[EventDate "2015.??.??"]

1. d4 Nf6 2. Nf3 e6 3. Nbd2 d5 4. e3 Bd6 5. Bd3 Nbd7 6. O-O O-O 7. Re1 e5 8. e4
dxe4 9. Nxe4 Nxe4 10. Rxe4 Re8 11. dxe5 Nxe5 12. Nxe5 Bxe5 13. Qe1 f6 14. Bf4
Bf5 15. Bxe5 Bxe4 16. Qxe4 Rxe5 17. Qxh7+ Kf7 18. Bc4+ Ke7 19. Qxg7+ Kd6 20.
Rd1+ Kc6 21. Rxd8 Re1+ 22. Bf1 Rxd8 23. Qxf6+ 1-0

[Event "23ème Open International de St Affrique"]
[Site "Saint Affrique"]
[Date "2015.07.20"]
[Round "3.12"]
[White "Brethes, Francois"]
[Black "Navarro, Robin"]
[Result "1-0"]
[WhiteElo "2243"]
[BlackElo "2086"]
[PlyCount "49"]
[EventDate "2015.??.??"]

1. d4 {[%emt 0:00:00]} Nf6 2. c4 e5 3. dxe5 Ng4 4. Nf3 Bc5 5. e3 Nc6 6. a3 a5
7. Nc3 Ngxe5 8. Nd5 O-O 9. Bd2 Nxf3+ 10. gxf3 Re8 11. f4 Ne7 12. Qf3 Nxd5 13.
cxd5 Bd4 14. Rb1 Qf6 15. e4 c6 16. Be2 cxd5 17. e5 Qh4 18. O-O d6 19. exd6 Re6
20. f5 Be5 21. h3 Rxd6 22. Rfe1 Bxf5 23. Qxf5 Rg6+ 24. Kh1 Re8 25. Bh5 1-0

[Event "23ème Open International de St Affrique"]
[Site "Saint Affrique"]
[Date "2015.07.20"]
[Round "3.21"]
[White "Prieu, Arnaud"]
[Black "Roubert, Emile"]
[Result "0-1"]
[WhiteElo "1735"]
[BlackElo "2116"]
[PlyCount "40"]
[EventDate "2015.??.??"]

1. e4 e5 2. Nc3 Nf6 3. Bc4 Nc6 4. d3 Na5 5. Bg5 Nxc4 6. dxc4 Be7 7. f4 exf4 8.
Bxf4 d6 9. Qf3 Be6 10. c5 d5 11. Nb5 dxe4 12. Nxc7+ Qxc7 13. Bxc7 exf3 14. Nxf3
Bxc5 15. O-O-O O-O 16. Rhe1 Rac8 17. Be5 Nd7 18. Bc3 Nb8 19. Ng5 Bxa2 20. b4
Bf2 0-1

[Event "23ème Open International de St Affrique"]
[Site "Saint Affrique"]
[Date "2015.07.20"]
[Round "4.1"]
[White "Libiszewski, Fabien"]
[Black "Iglesias, Joachim"]
[Result "1-0"]
[WhiteElo "2543"]
[BlackElo "2267"]
[PlyCount "69"]
[EventDate "2015.??.??"]

1. e4 d6 2. d4 Nf6 3. Nc3 c6 4. h3 Qa5 5. Bd3 e5 6. Nf3 Nbd7 7. O-O Be7 8. Re1
O-O 9. a4 Re8 10. Bd2 Qc7 11. a5 Bf8 12. Bc4 exd4 13. Nxd4 Nc5 14. Qf3 Ncxe4
15. Nxe4 Rxe4 16. Rxe4 Nxe4 17. Qxe4 d5 18. Bxd5 cxd5 19. Qxd5 Bd7 20. a6 Rb8
21. axb7 Rxb7 22. Bc3 Qc8 23. Rd1 Rb6 24. Rd3 Rd6 25. Qf3 Rf6 26. Qd1 Rg6 27.
Ne2 Bxh3 28. Nf4 Bg4 29. Rd8 Qc5 30. b4 Rd6 31. Rxf8+ Kxf8 32. Bxg7+ Kg8 33.
Qxg4 Qc4 34. Bf6+ Kf8 35. Ng6+ 1-0

[Event "23ème Open International de St Affrique"]
[Site "Saint Affrique"]
[Date "2015.07.20"]
[Round "4.2"]
[White "Vavric, Pavel"]
[Black "Grishchenko, Sergey"]
[Result "0-1"]
[WhiteElo "2279"]
[BlackElo "2430"]
[PlyCount "42"]
[EventDate "2015.??.??"]

1. e4 c6 2. d4 d5 3. e5 c5 4. dxc5 e6 5. Be3 Ne7 6. Nf3 Nd7 7. Bb5 Nc6 8. O-O
Nxc5 9. Nbd2 a6 10. Bxc5 Bxc5 11. Bd3 f6 12. Nb3 Bb6 13. Qe2 O-O 14. c4 fxe5
15. Nxe5 Qh4 16. g3 Qh3 17. Rae1 Nxe5 18. Qxe5 Rf6 19. cxd5 Rh6 20. g4 Qxd3 21.
Qd6 e5 0-1

[Event "23ème Open International de St Affrique"]
[Site "Saint Affrique"]
[Date "2015.07.20"]
[Round "4.5"]
[White "Milchev, Nikolay"]
[Black "Meunier, Clement"]
[Result "1-0"]
[WhiteElo "2376"]
[BlackElo "2134"]
[PlyCount "53"]
[EventDate "2015.??.??"]

1. Nf3 {[%emt 0:00:00]} d5 2. g3 e6 3. Bg2 c6 4. O-O f5 5. d3 Nf6 6. Nc3 Bd6 7.
e4 dxe4 8. dxe4 e5 9. Re1 O-O 10. exf5 Bxf5 11. Nxe5 Bxe5 12. Qxd8 Rxd8 13.
Rxe5 Bxc2 14. Bf4 Nbd7 15. Re2 Bg6 16. b4 a6 17. a4 Re8 18. Rxe8+ Bxe8 19. Re1
Rc8 20. Re7 b5 21. a5 Nf8 22. Ra7 c5 23. Nd5 Nxd5 24. Bxd5+ Kh8 25. Bd6 Ng6 26.
bxc5 b4 27. Rxa6 1-0

[Event "23ème Open International de St Affrique"]
[Site "Saint Affrique"]
[Date "2015.07.20"]
[Round "4.11"]
[White "Flear, Glenn C"]
[Black "Grosse, Ludovic"]
[Result "1-0"]
[WhiteElo "2450"]
[BlackElo "1934"]
[PlyCount "49"]
[EventDate "2015.??.??"]

1. d4 {[%emt 0:00:00]} c5 2. d5 e6 3. e4 d6 4. c4 Nf6 5. Nc3 exd5 6. cxd5 g6 7.
h3 Bg7 8. Bd3 O-O 9. Bg5 Re8 10. Nf3 a6 11. a4 Qc7 12. O-O Nbd7 13. Re1 Ne5 14.
Nxe5 Rxe5 15. Qd2 b6 16. Bc4 Bd7 17. f4 Ree8 18. e5 dxe5 19. d6 Qc8 20. fxe5
Nh5 21. Be7 Be6 22. Bxe6 Qxe6 23. g4 Bxe5 24. Rxe5 Qxe5 25. gxh5 1-0

[Event "23ème Open International de St Affrique"]
[Site "Saint Affrique"]
[Date "2015.07.20"]
[Round "4.28"]
[White "Bourdon, Philippe"]
[Black "Caudrelier, Pierre"]
[Result "1-0"]
[WhiteElo "1987"]
[BlackElo "1608"]
[PlyCount "37"]
[EventDate "2015.??.??"]

1. e4 e5 2. Nf3 Nc6 3. d4 exd4 4. Nxd4 Bc5 5. Be3 Nxd4 6. Bxd4 Bxd4 7. Qxd4 Nf6
8. e5 Qe7 9. Be2 Ng8 10. Nc3 a6 11. O-O-O Nh6 12. Nd5 Qd8 13. Qc5 c6 14. Nb6
Rb8 15. Nc4 Nf5 16. g4 Ne7 17. Nd6+ Kf8 18. Bc4 Nd5 19. Nxc8+ 1-0

[Event "23ème Open International de St Affrique"]
[Site "?"]
[Date "2015.07.20"]
[Round "4.13"]
[White "Penalver, Marion"]
[Black "Mania, Clement"]
[Result "1-0"]
[WhiteElo "1975"]
[BlackElo "2205"]
[PlyCount "57"]
[EventDate "2015.07.20"]
[SourceDate "2015.07.20"]

1. e4 b6 2. d4 Bb7 3. Nc3 e6 4. Be3 Bb4 5. f3 Nf6 6. Bd3 d5 7. e5 Nfd7 8. a3
Be7 9. Nce2 Ba6 10. Bxa6 Nxa6 11. Qd3 Qc8 12. Rc1 c6 13. f4 f5 14. Nf3 Nc7 15.
Bf2 Qd8 16. O-O b5 17. Qc3 Nb8 18. Kh1 a5 19. Ra1 a4 20. Rg1 O-O 21. g4 Kh8 22.
g5 Ra6 23. Nh4 g6 24. Qh3 Kg8 25. Ng3 Rf7 26. Nh5 Kf8 27. Nf6 Bxf6 28. gxf6 Ke8
29. Nf3 1-0

[Event "23ème Open International de St Affrique"]
[Site "Saint Affrique"]
[Date "2015.07.21"]
[Round "5.4"]
[White "Stets, Dmitry"]
[Black "Brethes, Francois"]
[Result "1-0"]
[WhiteElo "2406"]
[BlackElo "2243"]
[PlyCount "47"]
[EventDate "2015.??.??"]

1. e4 {[%emt 0:00:00]} d5 2. exd5 Nf6 3. c4 c6 4. d4 cxd5 5. Nc3 e6 6. Nf3 Bb4
7. cxd5 Nxd5 8. Qc2 Nd7 9. Bd3 N7f6 10. O-O O-O 11. a3 Be7 12. Ne5 h6 13. Qe2
Nxc3 14. bxc3 Bd7 15. c4 Ba4 16. Bb2 Re8 17. f4 Nd7 18. Qh5 Rf8 19. Ng4 Qe8 20.
Nxh6+ gxh6 21. Qxh6 f5 22. Rf3 Nf6 23. Rg3+ Ng4 24. Rxg4+ 1-0

[Event "23ème Open International de St Affrique"]
[Site "Saint Affrique"]
[Date "2015.07.21"]
[Round "5.8"]
[White "Smith, Matthieu"]
[Black "Flear, Glenn C"]
[Result "0-1"]
[WhiteElo "2116"]
[BlackElo "2450"]
[PlyCount "70"]
[EventDate "2015.??.??"]

1. d4 d5 2. c4 e6 3. Nf3 Nf6 4. g3 c6 5. Qc2 Nbd7 6. Bg2 Bd6 7. O-O Ne4 8. Nfd2
Nxd2 9. Nxd2 f5 10. Nf3 O-O 11. Bf4 Qe7 12. Bxd6 Qxd6 13. Rac1 Nf6 14. cxd5
exd5 15. Ne5 Ng4 16. Nxg4 fxg4 17. e4 dxe4 18. Bxe4 h6 19. Qc5 Rd8 20. Rcd1 Be6
21. a3 Bb3 22. Rd3 Qxc5 23. dxc5 Rxd3 24. Bxd3 Rd8 25. Bg6 Rd2 26. Re1 Bf7 27.
Bxf7+ Kxf7 28. b4 Rd3 29. Re4 Rxa3 30. Rxg4 a5 31. bxa5 Rxa5 32. Rd4 Ke6 33.
Rd6+ Ke7 34. Rg6 Kf8 35. Rd6 Rxc5 0-1

[Event "23ème Open International de St Affrique"]
[Site "Saint Affrique"]
[Date "2015.07.21"]
[Round "5.10"]
[White "Bogdanov, Egor"]
[Black "Navarro, Robin"]
[Result "1-0"]
[WhiteElo "2323"]
[BlackElo "2086"]
[PlyCount "33"]
[EventDate "2015.??.??"]

1. e4 {[%emt 0:00:00]} d5 2. exd5 Nf6 3. c4 c6 4. d4 cxd5 5. Nc3 Nc6 6. Nf3 e6
7. c5 a6 8. Bd3 Be7 9. O-O O-O 10. Rb1 Qc7 11. Re1 Nxd4 12. Nxd4 Bxc5 13. Nf3
Bd6 14. g3 e5 15. Bg5 d4 16. Bxf6 dxc3 17. Bxh7+ 1-0

[Event "23ème Open International de St Affrique"]
[Site "Saint Affrique"]
[Date "2015.07.21"]
[Round "5.12"]
[White "Iglesias, Joachim"]
[Black "Delivre, Raphael"]
[Result "1-0"]
[WhiteElo "2267"]
[BlackElo "2067"]
[PlyCount "23"]
[EventDate "2015.??.??"]

1. d4 Nf6 2. Nf3 e6 3. Nbd2 d5 4. e3 c5 5. c3 Bd6 6. Bd3 O-O 7. O-O b6 8. e4
dxe4 9. Nxe4 Bb7 10. Nxf6+ Qxf6 11. Bg5 Bxf3 12. Qd2 1-0

[Event "23ème Open International de St Affrique"]
[Site "Saint Affrique"]
[Date "2015.07.21"]
[Round "5.31"]
[White "Fabre, Philippe"]
[Black "Claisse, Patrick"]
[Result "0-1"]
[WhiteElo "1708"]
[BlackElo "1819"]
[PlyCount "40"]
[EventDate "2015.??.??"]

1. e4 c5 2. Nc3 Nc6 3. g3 g6 4. Bg2 Bg7 5. d3 e6 6. f4 d6 7. Nf3 Nge7 8. O-O
O-O 9. Be3 Nd4 10. e5 Nxf3+ 11. Qxf3 Nf5 12. Bf2 Nd4 13. Qd1 dxe5 14. fxe5 Bxe5
15. Ne4 f5 16. Nxc5 Qc7 17. Nb3 Nxb3 18. axb3 Bxb2 19. Rxa7 Rxa7 20. Bxa7 b6
0-1

[Event "23ème Open International de St Affrique"]
[Site "?"]
[Date "2015.07.21"]
[Round "5.24"]
[White "Mania, Clement"]
[Black "Barbe, Luc"]
[Result "1-0"]
[WhiteElo "2205"]
[BlackElo "1609"]
[PlyCount "83"]
[EventDate "2015.07.21"]
[SourceDate "2015.07.21"]

1. g3 d5 2. Bg2 c6 3. d3 Nf6 4. Nd2 Bf5 5. e4 dxe4 6. dxe4 Bg4 7. f3 Be6 8. Nh3
g6 9. O-O Bg7 10. Qe2 O-O 11. Nf2 Na6 12. Nb3 Bxb3 13. axb3 Qc7 14. Be3 Rfd8
15. c3 e5 16. b4 Qe7 17. Bh3 Ne8 18. Ra5 Nec7 19. Rfa1 Ne6 20. Bf1 Nec7 21. Nd3
Nb5 22. Qf2 h5 23. Nc5 Nxc5 24. Bxc5 Qd7 25. Bxb5 cxb5 26. Bb6 a6 27. Bxd8 Rxd8
28. Re1 Bh6 29. Raa1 Qd2 30. Qe2 Qxe2 31. Rxe2 Rd2 32. Rxd2 Bxd2 33. Kf2 Bg5
34. Rd1 f5 35. Rd7 fxe4 36. fxe4 Bc1 37. Ke2 h4 38. Kd1 Be3 39. gxh4 Bf4 40. h3
Bg3 41. Rxb7 Bxh4 42. Ra7 1-0

[Event "23ème Open International de St Affrique"]
[Site "Saint Affrique"]
[Date "2015.07.22"]
[Round "6.4"]
[White "Vavric, Pavel"]
[Black "Bauer, Christian"]
[Result "0-1"]
[WhiteElo "2279"]
[BlackElo "2618"]
[PlyCount "76"]
[EventDate "2015.??.??"]

1. d4 Nf6 2. Nf3 c5 3. c4 cxd4 4. Nxd4 b6 5. Nc3 Bb7 6. f3 Nc6 7. e4 e6 8. Be3
Qb8 9. Qd2 Bc5 10. Be2 O-O 11. O-O Ne7 12. Nb3 Bd6 13. g3 Ng6 14. Rad1 Be7 15.
Rfe1 Rc8 16. Nd4 Ne5 17. b3 d6 18. h3 Ng6 19. Bf2 a6 20. Bf1 Bf8 21. Rc1 Re8
22. Nc2 Ne5 23. Nd4 Qc7 24. f4 Ned7 25. Bg2 Rad8 26. Nc2 Qb8 27. Ne3 b5 28.
cxb5 axb5 29. Nc2 d5 30. Nxb5 Nxe4 31. Bxe4 dxe4 32. Qa5 Nc5 33. Nb4 Nd3 34.
Nxd3 Rxd3 35. Nd4 Bd5 36. Qc7 Qxc7 37. Rxc7 Bb4 38. Re2 Rd1+ 0-1

[Event "23ème Open International de St Affrique"]
[Site "Saint Affrique"]
[Date "2015.07.22"]
[Round "6.5"]
[White "Duff, Rufus"]
[Black "Degraeve, Jean-Marc"]
[Result "0-1"]
[WhiteElo "2117"]
[BlackElo "2553"]
[PlyCount "34"]
[EventDate "2015.??.??"]

1. e4 e5 2. Nf3 Nc6 3. Bb5 Bc5 4. O-O Nd4 5. Nxd4 Bxd4 6. d3 Nf6 7. Nd2 c6 8.
Ba4 d6 9. h3 h6 10. Qf3 g5 11. Bb3 Rg8 12. Re1 g4 13. hxg4 Bxg4 14. Qg3 Nh5 15.
Qh2 Qf6 16. g3 Nxg3 17. c3 Bh3 0-1

[Event "23ème Open International de St Affrique"]
[Site "Saint Affrique"]
[Date "2015.07.22"]
[Round "6.9"]
[White "Maatoug, Redwan"]
[Black "Vedmediuc, Serghei"]
[Result "0-1"]
[WhiteElo "2218"]
[BlackElo "2400"]
[PlyCount "50"]
[EventDate "2015.??.??"]

1. d4 Nf6 2. Nf3 e6 3. c4 d5 4. Nc3 c5 5. e3 cxd4 6. exd4 Bb4 7. a3 Bxc3+ 8.
bxc3 O-O 9. Qc2 b6 10. Ne5 Nbd7 11. Bg5 h6 12. Bh4 Qc7 13. Nxd7 Nxd7 14. cxd5
exd5 15. Be2 Nb8 16. O-O Ba6 17. Bxa6 Nxa6 18. Qe2 Nb8 19. Qg4 Qd7 20. Qh5 Nc6
21. Rab1 Na5 22. f4 f5 23. Rfe1 Rae8 24. Qg6 Nc4 25. g4 Nd2 0-1

[Event "23ème Open International de St Affrique"]
[Site "Saint Affrique"]
[Date "2015.07.22"]
[Round "6.13"]
[White "Bressy, Theo"]
[Black "Ouakhir, Mehdi"]
[Result "0-1"]
[WhiteElo "2032"]
[BlackElo "2176"]
[PlyCount "42"]
[EventDate "2015.??.??"]

1. e4 e5 2. Nf3 Nc6 3. Bc4 Bc5 4. c3 Nf6 5. d4 exd4 6. e5 d5 7. Bb5 Ne4 8. cxd4
Bb4+ 9. Nbd2 O-O 10. O-O Nxd2 11. Bxd2 Bxd2 12. Qxd2 Bd7 13. Bd3 f6 14. Rfe1
Bg4 15. Qe3 Bxf3 16. gxf3 fxe5 17. dxe5 Qh4 18. Rad1 Rae8 19. e6 Rf6 20. Bb5
Rg6+ 21. Kf1 Qh3+ 0-1

[Event "23ème Open International de St Affrique"]
[Site "Saint Affrique"]
[Date "2015.07.22"]
[Round "6.15"]
[White "Bourdon, Philippe"]
[Black "Roubert, Emile"]
[Result "0-1"]
[WhiteElo "1987"]
[BlackElo "2116"]
[PlyCount "60"]
[EventDate "2015.??.??"]

1. e4 {[%emt 0:00:00]} e5 2. Nf3 Nc6 3. d4 exd4 4. Nxd4 Nf6 5. Nxc6 bxc6 6. e5
Qe7 7. Qe2 Nd5 8. c4 Ba6 9. b3 Qh4 10. a3 Bc5 11. g3 Bxf2+ 12. Qxf2 Qe4+ 13.
Qe2 Qxh1 14. Bb2 Qg1 15. Qf2 Qxf2+ 16. Kxf2 Ne7 17. Bg2 O-O 18. Nd2 Rab8 19.
Bd4 Nc8 20. Re1 Bb7 21. Bh3 d6 22. exd6 cxd6 23. Re3 c5 24. Bc3 d5 25. cxd5
Bxd5 26. Be5 Rb6 27. Nc4 Rh6 28. Bxc8 Rxc8 29. h4 Bxc4 30. bxc4 Re6 0-1

[Event "23ème Open International de St Affrique"]
[Site "?"]
[Date "2015.07.22"]
[Round "?"]
[White "Baudewyn, Ludovic"]
[Black "Mania, Clement"]
[Result "1/2-1/2"]
[WhiteElo "1808"]
[BlackElo "2205"]
[PlyCount "44"]
[EventDate "2015.07.22"]
[SourceDate "2015.07.22"]

1. d4 g6 2. e4 Bg7 3. c4 d6 4. Nc3 Nh6 5. f4 O-O 6. Nf3 c5 7. d5 Bg4 8. Be2
Bxf3 9. Bxf3 f5 10. O-O Nd7 11. Re1 Nf6 12. h3 fxe4 13. Nxe4 Nxe4 14. Bxe4 Qd7
15. Rb1 Nf5 16. Bxf5 Qxf5 17. Bd2 Rae8 18. Qe2 Bh6 19. g4 Qf7 20. g5 Bg7 21.
Qg4 b5 22. b3 Rb8 1/2-1/2